[Event "GRE-ch U20"]
[Site "Trikala"]
[Date "2021.08.28"]
[Round "8"]
[White "Marinakis, Hristos"]
[Black "Leftheriotis, Alexandros"]
[Result "1-0"]
[WhiteElo "2032"]
[BlackElo "1988"]
[PlyCount "71"]
[EventDate "2021.08.23"]
[EventType "swiss"]
[EventRounds "9"]
[EventCountry "GRE"]
[SourceTitle "EXT 2022"]
[Source "ChessBase"]
[SourceDate "2021.10.06"]
[SourceVersion "1"]
[SourceVersionDate "2021.10.06"]
[SourceQuality "1"]

1. e4 g6 2. d4 c6 3. Nc3 Bg7 4. Nf3 d5 5. h3 Nf6 6. Bd3 dxe4 7. Nxe4 Nxe4 8. Bxe4 Nd7 9. 0-0 Nf6 10. Bd3 0-0 11. Qe2 Bf5 12. Rd1 Bxd3 13. Rxd3 e6 14. c4 Qc8 15. Bf4 Rd8 16. Rad1 c5 17. Be5 cxd4 18. Rxd4 Rxd4 19. Rxd4 Qc6 20. Qd3 Rc8 21. Rd8+ Ne8 22. Bxg7 Rxd8 23. Qxd8 Kxg7 24. Qd4+ Kf8 25. Qh8+ Ke7 26. Qxh7 Nf6 27. Qh4 Qa4 28. Qd4 Qxa2 29. Qc5+ Ke8 30. Qc8+ Ke7 31. Qxb7+ Kd6 32. c5+ Kxc5 33. Qe7+ Kc4 34. Qxf6 Qa1+ 35. Kh2 a5 36. b3+ 1-0

[Event "GRE-ch U20"]
[Site "Trikala"]
[Date "2021.08.26"]
[Round "6"]
[White "Tsarsitalidis, Christos"]
[Black "Leftheriotis, Alexandros"]
[Result "0-1"]
[WhiteElo "1786"]
[BlackElo "1988"]
[PlyCount "108"]
[EventDate "2021.08.23"]
[EventType "swiss"]
[EventRounds "9"]
[EventCountry "GRE"]
[SourceTitle "EXT 2022"]
[Source "ChessBase"]
[SourceDate "2021.10.06"]
[SourceVersion "1"]
[SourceVersionDate "2021.10.06"]
[SourceQuality "1"]

1. e4 c6 2. d4 g6 3. Nc3 Bg7 4. Be3 d5 5. Qd2 dxe4 6. Nxe4 Nd7 7. Bc4 Ngf6 8. Ng3 Nb6 9. Bb3 Ng4 10. 0-0-0 Nxe3 11. fxe3 0-0 12. h4 e5 13. h5 Qg5 14. Ne4 Qe7 15. hxg6 hxg6 16. Nf2 a5 17. a3 a4 18. Ba2 Be6 19. Bxe6 Qxe6 20. Kb1 Nc4 21. Qd3 Ra5 22. Ne4 exd4 23. exd4 Rb5 24. Nc5 Rxc5 25. dxc5 Nxb2 26. Qh3 Qxh3 27. Nxh3 Nxd1 28. Rxd1 Re8 29. Kc1 Bc3 30. Nf2 Re2 31. Rd8+ Kg7 32. Nd1 Be5 33. g4 Rg2 34. Rd7 Rxg4 35. Rxb7 Rc4 36. Kd2 Rxc5 37. Rb4 Rd5+ 38. Ke2 Ra5 39. Rc4 Bd6 40. Nc3 Rc5 41. Rxc5 Bxc5 42. Nxa4 Bxa3 43. Nb6 f5 44. Nc4 Be7 45. Nd2 g5 46. Nf3 Kf6 47. Nd4 c5 48. Nf3 g4 49. Nd2 f4 50. Ne4+ Kf5 51. Nd2 f3+ 52. Kf2 Kf4 53. Nf1 g3+ 54. Kg1 Bf6 0-1

[Event "GRE-ch U20"]
[Site "Trikala"]
[Date "2021.08.25"]
[Round "4"]
[White "Tragoudaras, Nikolaos"]
[Black "Leftheriotis, Alexandros"]
[Result "1-0"]
[WhiteElo "1690"]
[BlackElo "1988"]
[PlyCount "65"]
[EventDate "2021.08.23"]
[EventType "swiss"]
[EventRounds "9"]
[EventCountry "GRE"]
[SourceTitle "EXT 2022"]
[Source "ChessBase"]
[SourceDate "2021.10.06"]
[SourceVersion "1"]
[SourceVersionDate "2021.10.06"]
[SourceQuality "1"]

1. e4 c5 2. Nf3 d6 3. Bb5+ Nd7 4. d4 cxd4 5. Qxd4 a6 6. Bxd7+ Bxd7 7. c4 e5 8. Qd3 Rc8 9. 0-0 h6 10. Nc3 Nf6 11. a4 Be7 12. b3 0-0 13. Ba3 Rc6 14. Rfd1 Qa5 15. Nd5 Nxd5 16. exd5 Rcc8 17. Nxe5 Be8 18. Nf3 Bd7 19. Bb2 Bg4 20. Bxg7 Bxf3 21. Bxh6 Bh5 22. Qd4 f6 23. Qe4 Rf7 24. g4 f5 25. Qe6 fxg4 26. Qxc8+ Kh7 27. Be3 Qc3 28. Bd4 Qf3 29. Qh8+ Kg6 30. Qg8+ Kf5 31. Re1 Bh4 32. Qc8+ Kg5 33. Qd8+ 1-0

[Event "GRE-ch U20"]
[Site "Trikala"]
[Date "2021.08.23"]
[Round "1"]
[White "Leftheriotis, Alexandros"]
[Black "Mavridis, Emmanouil"]
[Result "1-0"]
[WhiteElo "1988"]
[BlackElo "1289"]
[PlyCount "65"]
[EventDate "2021.08.23"]
[EventType "swiss"]
[EventRounds "9"]
[EventCountry "GRE"]
[SourceTitle "EXT 2022"]
[Source "ChessBase"]
[SourceDate "2021.10.06"]
[SourceVersion "1"]
[SourceVersionDate "2021.10.06"]
[SourceQuality "1"]

1. e4 e5 2. Nf3 Nc6 3. Bb5 a6 4. Ba4 Nf6 5. 0-0 b5 6. Bb3 Bc5 7. c3 d6 8. d4 exd4 9. cxd4 Bb6 10. h3 0-0 11. a3 Nxe4 12. Bd5 Qe8 13. Re1 Bb7 14. Rxe4 Qd7 15. Nc3 Rfe8 16. Rg4 Kh8 17. Rh4 Re7 18. Bg5 Ree8 19. Qd2 Nd8 20. Bxb7 Nxb7 21. Qd3 f5 22. Nd5 Ba7 23. Nf4 Qf7 24. g4 Kg8 25. gxf5 h6 26. Bxh6 gxh6 27. Rxh6 Qd7 28. Kh2 Qc6 29. f6 Qe4 30. Rg1+ Kf8 31. Qxe4 Rxe4 32. Rg7 Rxf4 33. Rh8# 1-0